| 000 | 00486nam a2200205Ia 4500 | ||
|---|---|---|---|
| 005 | 20250507125820.0 | ||
| 008 | 008 250505s9999 xx 000 0 kor d | ||
| 020 | _a8809362345697 | ||
| 037 | _aAudio | ||
| 040 |
_aEASL _beng _cEASL |
||
| 041 |
_akor _2eng |
||
| 084 |
_aCD00382-383 _qEASL |
||
| 100 | _aHe Jeong | ||
| 245 | 0 | _aSumbakkokjil | |
| 260 | _c2014 | ||
| 490 | _vV. 1 | ||
| 650 | _aKorean | ||
| 942 |
_cAUD _hCD00382-383 |
||
| 999 |
_c1313372 _d1313372 |
||